=LDR 00000nam 2200000 4500 =001 INLIS000000000044005 =005 20131008104221 =008 ***********************************Ind** =035 ##$$0010-101300000001927 =041 ##$$a Ind =082 ##$$a 690 =090 ##$$a 690, Zai-p =100 ##$$a ZAINAL A.Z =245 ##$$a Penembangan Rumah Tipe 18 da tipe 21 dan perhitungan bahan yang dipakai, Zainal A.Z =260 ##$$a 1990 $b Jakarta =300 ##$$a xix, 109 hlm., ilus., 26 cm =650 ##$$a Bangunan - Rumah =850 ##$$a NBPNMAT